书目信息 |
| 题名: |
无机化学实验
|
|
| 作者: | 梁均方 主编 | |
| 分册: | ||
| 出版信息: | 广州 广东高等教育出版社 2000 |
|
| 页数: | 166页 | |
| 开本: | 26cm | |
| 丛书名: | ||
| 单 册: | ||
| 中图分类: | O61-3 | |
| 科图分类: | ||
| 主题词: | 无机化学--实验--高等学校--教材 | |
| 电子资源: | ||
| ISBN: | 7-5361-2491-0 | |
| 000 | 00768nam0 2200241 45 | |
| 001 | 070000103268 | |
| 005 | 20050920103723.92 | |
| 010 | @a7-5361-2491-0@dCNY16.00 | |
| 100 | @a20050112e20022000ekmy0chiy0120 ea | |
| 101 | 0 | @achi |
| 102 | @aCN@b440000 | |
| 105 | @aak z 000yy | |
| 200 | 1 | @a无机化学实验@Awu ji hua xue shi yan@f梁均方主编@Fliang jun fang zhu bian |
| 210 | @a广州@c广东高等教育出版社@d2000 | |
| 215 | @a166页@c图@d26cm | |
| 300 | @a高等学校教材 | |
| 330 | @a本书主要内容有:基本操作的训练,基本概念的实验和若干物理化学数据的测定,无机化合物的制备和提纯等。 | |
| 606 | 0 | @a无机化学@x实验@x高等学校@x教材 |
| 690 | @aO61-3@v4 | |
| 701 | 0 | @a梁均方@Aliang jun fang@4主编 |
| 801 | 0 | @aCN@bTSSF@c20050920 |
| 905 | @a10447@dO61-3@e78 | |
| 999 | @aAFJ | |
| 无机化学实验/梁均方主编.-广州:广东高等教育出版社,2000 |
| 166页:图;26cm |
| 高等学校教材 |
| ISBN 7-5361-2491-0:CNY16.00 |
| 本书主要内容有:基本操作的训练,基本概念的实验和若干物理化学数据的测定,无机化合物的制备和提纯等。 |
| ● |
| 相关链接 |
|
|
|
|
正题名:无机化学实验
索取号:O61-3/78
 
预约/预借
| 序号 | 登录号 | 条形码 | 馆藏地/架位号 | 状态 | 备注 |
| 1 | 0362445 | 3624457 | 第二样本阅览室/ [索取号:O61-3/78] | 在馆 | |
| 2 | 0362446 | 3624466 | 第三借阅区/ [索取号:O61-3/78] | 在馆 | |
| 3 | 0362447 | 3624475 | 第三借阅区/ [索取号:O61-3/78] | 在馆 | |
| 4 | 0362448 | 3624484 | 第三借阅区/ [索取号:O61-3/78] | 在馆 | |
| 5 | 0362449 | 3624493 | 第三借阅区/ [索取号:O61-3/78] | 在馆 |